Les portraits cosmopolites / (Record no. 168084)
[ view plain ]
| 000 -LEADER | |
|---|---|
| campo de control de longitud fija | 00811nam a22001695i 4500 |
| 001 - NÚMERO DE CONTROL | |
| campo de control | 168084 |
| 003 - IDENTIFICADOR DE NÚMERO DE CONTROL | |
| campo de control | ES-MaACL |
| 005 - FECHA Y HORA DE LA ÚLTIMA TRANSACCIÓN | |
| campo de control | 20230906213658.0 |
| 008 - DATOS DE LONGITUD FIJA--INFORMACIÓN GENERAL | |
| campo de control de longitud fija | 040727s1870 fr |||| | fre d |
| 040 ## - FUENTE DE CATALOGACIÓN | |
| Centro catalogador/agencia de origen | CAM |
| Lengua de catalogación | spa |
| Centro/agencia transcriptor | CAM |
| 100 1# - ENTRADA PRINCIPAL--NOMBRE DE PERSONA | |
| Nombre de persona | Yriarte, Charles ( |
| Fechas asociadas al nombre | 1833-1898) |
| 9 (RLIN) | 133995 |
| 245 14 - MENCIÓN DEL TÍTULO | |
| Título | Les portraits cosmopolites / |
| Mención de responsabilidad, etc. | Le Marquis de Villemer (Charles Yriarte). |
| 260 ## - PUBLICACIÓN, DISTRIBUCIÓN, ETC. | |
| Lugar de publicación, distribución, etc. | Paris : |
| Nombre del editor, distribuidor, etc. | E. Lachaud, |
| Fecha de publicación, distribución, etc. | 1870 ( |
| Fabricante | Imprimerie Paul Dupont, Maurice Loignon et C.) |
| 300 ## - DESCRIPCIÓN FÍSICA | |
| Extensión | VII, 240 p. ; |
| Dimensiones | 19 cm. |
| 505 8# - NOTA DE CONTENIDO CON FORMATO | |
| Nota de contenido con formato | Contiene : Don Juan Prim, Théophile Gautier, Garibaldi, Pie IX, Le Père Hyacinthe, Maréchal Narvaez, Dona d'Istria, Charles Beaudelaire, Héctor Berlioz, Maréchal O'Donnell |
| 852 ## - LOCALIZACIÓN | |
| Ubicación | ES-MaACL |
| Número de control de estantería | D-920 |
| Nota libre | -- Rúst. |
| -- | -- Legado de Modesto de la Fuente |
| -- | -- A partir de la p. 219, propaganda editorial |
| Estatus retirado | Estado de pérdida | Estado de daño | No para préstamo | Colección | Biblioteca de origen | Biblioteca actual | Ubicación en estantería | Fecha de adquisición | Fuente de adquisición | Total de préstamos | Signatura topográfica completa | Código de barras | Visto por última vez | Precio de reemplazo | Tipo de ítem Koha |
|---|---|---|---|---|---|---|---|---|---|---|---|---|---|---|---|
| Libros del s. XIX | Biblioteca del Ateneo de Madrid | Biblioteca del Ateneo de Madrid | Sala Valle Inclán | 17/01/2008 | D-920 | 901176357 | 23/02/2023 | 23/02/2023 | Libro impreso antiguo |
